[Event "Mitropa Cup 12th"]
[Site "Aosta"]
[Date "1988.??.??"]
[Round "?"]
[White "Lau, Ralf"]
[Black "Barle, Janez"]
[Result "1/2-1/2"]
[WhiteElo "2540"]
[BlackElo "2425"]
[PlyCount "58"]
[EventDate "1988.06.??"]
[EventType "team-tourn"]
[EventRounds "11"]
[EventCountry "ITA"]
[Source "ChessBase"]
[SourceDate "1994.03.01"]

1. e4 e5 2. Nf3 Nc6 3. Bb5 Nd4 4. Nxd4 exd4 5. O-O Bc5 6. Bc4 Qe7 7. c3 c6 8.
d3 d6 9. b4 Bb6 10. Bb2 dxc3 11. Nxc3 Nf6 12. Qd2 O-O 13. Rae1 Be6 14. Nd5 Bxd5
15. exd5 Qd7 16. Qg5 h6 17. Qg3 Qg4 18. Qxg4 Nxg4 19. Re4 Nf6 20. Bxf6 gxf6 21.
Rfe1 f5 22. Re7 Rac8 23. g3 c5 24. b5 Rc7 25. Kg2 Rfc8 26. Kf3 Kg7 27. R1e6
Rxe7 28. Rxe7 Rc7 29. Re8 Rd7 1/2-1/2

[Event "Mitropa Cup 12th"]
[Site "Aosta"]
[Date "1988.??.??"]
[Round "?"]
[White "Lau, Ralf"]
[Black "Mantovani, Renzo"]
[Result "1/2-1/2"]
[WhiteElo "2540"]
[BlackElo "2410"]
[PlyCount "185"]
[EventDate "1988.06.??"]
[EventType "team-tourn"]
[EventRounds "11"]
[EventCountry "ITA"]
[Source "ChessBase"]
[SourceDate "1994.03.01"]

1. e4 c5 2. Nf3 d6 3. d4 cxd4 4. Nxd4 Nf6 5. Nc3 Nc6 6. Bg5 e6 7. Qd2 Nxd4 8.
Qxd4 Be7 9. Bb5+ Bd7 10. Bxd7+ Qxd7 11. O-O-O h6 12. Bh4 O-O 13. e5 Nd5 14.
Bxe7 Qxe7 15. Nxd5 exd5 16. exd6 Qxd6 17. Qxd5 Qf4+ 18. Qd2 Qa4 19. Kb1 Rac8
20. Rhe1 Rc6 21. Re3 Rfc8 22. Rc1 Qh4 23. h3 Rg6 24. Qd7 Rf8 25. Re8 Rxe8 26.
Qxe8+ Kh7 27. Qxf7 Rxg2 28. Qf5+ Kh8 29. f4 Qe7 30. b3 Re2 31. Rd1 Re1 32. Rxe1
Qxe1+ 33. Kb2 Qb4 34. Qe5 Qb6 35. h4 Qd8 36. h5 a6 37. b4 Qf8 38. a3 Qd8 39. a4
Qf8 40. c3 Qd8 41. Kc2 Qd7 42. b5 axb5 43. axb5 Qf7 44. Kd3 Qd7+ 45. Kc4 Qc8+
46. Kb4 b6 47. Qd6 Qb7 48. c4 Qa7 49. f5 Qa5+ 50. Kb3 Qa1 51. Qxb6 Qb1+ 52. Ka4
Qa2+ 53. Kb4 Qb1+ 54. Kc5 Qxf5+ 55. Kc6 Qe6+ 56. Kb7 Qxc4 57. Qd8+ Kh7 58. Qd7
Qc5 59. Qd3+ Kh8 60. b6 Qxh5 61. Ka6 Qe8 62. b7 Qc6+ 63. Ka7 Qc5+ 64. Ka8 Qa5+
65. Kb8 Qc5 66. Qa6 Kh7 67. Ka8 Qd5 68. Qa4 Kh8 69. Qb4 Kh7 70. Ka7 Qa2+ 71.
Kb6 Qe6+ 72. Kc5 Qe7+ 73. Kc4 Qe4+ 74. Kb3 Qd3+ 75. Kb2 Qe2+ 76. Kc1 Qf1+ 77.
Kd2 Qf2+ 78. Kd3 Qf3+ 79. Kd4 Qf4+ 80. Kc5 Qc7+ 81. Kd5 Qd7+ 82. Ke5 Qe8+ 83.
Kf4 Qb8+ 84. Kf3 Kh8 85. Kg2 h5 86. Qe7 Qg8 87. Kg1 Qb8 88. Kg2 Qg8 89. Kh3
Qb3+ 90. Kh4 Qc4+ 91. Kxh5 Qd5+ 92. Kg6 Qe6+ 93. Qxe6 1/2-1/2

[Event "Mitropa Cup 12th"]
[Site "Aosta"]
[Date "1988.??.??"]
[Round "?"]
[White "Lau, Ralf"]
[Black "Sharif, Mershad"]
[Result "1/2-1/2"]
[WhiteElo "2540"]
[BlackElo "2450"]
[PlyCount "36"]
[EventDate "1988.06.??"]
[EventType "team-tourn"]
[EventRounds "11"]
[EventCountry "ITA"]
[Source "ChessBase"]
[SourceDate "1994.03.01"]

1. e4 e5 2. Nf3 Nc6 3. Bb5 Nf6 4. O-O Nxe4 5. d4 Be7 6. Qe2 Nd6 7. Bxc6 bxc6 8.
dxe5 Nb7 9. Re1 O-O 10. Nc3 Nc5 11. Be3 Ne6 12. Rad1 d5 13. exd6 cxd6 14. Nd4
Bd7 15. Nf5 d5 16. Nxe7+ Qxe7 17. Qd2 Rfd8 18. Ne2 Qf6 1/2-1/2

[Event "Mitropa Cup 12th"]
[Site "Aosta"]
[Date "1988.??.??"]
[Round "?"]
[White "Mantovani, Renzo"]
[Black "Barle, Janez"]
[Result "0-1"]
[WhiteElo "2410"]
[BlackElo "2425"]
[PlyCount "124"]
[EventDate "1988.06.??"]
[EventType "team-tourn"]
[EventRounds "11"]
[EventCountry "ITA"]
[Source "ChessBase"]
[SourceDate "1994.03.01"]

1. e4 e5 2. Nf3 Nc6 3. c3 Nf6 4. d3 g6 5. Be2 Bg7 6. O-O O-O 7. Nbd2 d6 8. Qc2
Nh5 9. Re1 Nf4 10. Bf1 Bg4 11. h3 Bd7 12. Nc4 Qf6 13. Nh2 h5 14. Kh1 g5 15. Qd1
b5 16. Ne3 Ne7 17. Be2 Qg6 18. Nef1 Nxe2 19. Qxe2 f5 20. exf5 Bxf5 21. d4 Bd3
22. Qd2 g4 23. hxg4 hxg4 24. Ng3 Rf4 25. dxe5 Bxe5 26. Re3 Bc4 27. Qe1 Nd5 28.
Rxe5 dxe5 29. Bxf4 exf4 30. Qe4 Kh7 31. Qxg6+ Kxg6 32. Ne4 Re8 33. f3 g3 34.
Ng4 Bd3 35. Re1 Bxe4 36. Rxe4 Rxe4 37. fxe4 Nf6 38. Ne5+ Kh6 39. Nc6 Nxe4 40.
Nxa7 Nd6 41. Kg1 Kg5 42. Kf1 Kg4 43. Nc6 Nc4 44. Nd4 c5 45. Nb3 Nxb2 46. Nxc5
Nd1 47. Ne4 f3 48. gxf3+ Kxf3 49. Nd2+ Kf4 50. c4 Ne3+ 51. Kg1 bxc4 52. a4 c3
53. Nb3 Ke5 54. a5 Kd5 55. a6 Kc6 56. a7 Kb7 57. Nd4 Nf5 58. Ne2 c2 59. Kf1
Kxa7 60. Ke1 Kb6 61. Kd2 g2 62. Ke1 Nd4 0-1

[Event "Mitropa Cup 12th"]
[Site "Aosta"]
[Date "1988.??.??"]
[Round "?"]
[White "Mantovani, Renzo"]
[Black "Robatsch, Karl"]
[Result "1-0"]
[WhiteElo "2410"]
[BlackElo "2415"]
[PlyCount "109"]
[EventDate "1988.06.??"]
[EventType "team-tourn"]
[EventRounds "11"]
[EventCountry "ITA"]
[Source "ChessBase"]
[SourceDate "1994.03.01"]

1. Nf3 c5 2. e3 g6 3. d4 Bg7 4. Be2 Nf6 5. O-O O-O 6. dxc5 Qa5 7. a3 Qxc5 8. b4
Qc7 9. Bb2 b6 10. c4 Bb7 11. Nbd2 d6 12. Qb1 Nbd7 13. h3 Rac8 14. Rc1 Qb8 15.
Bc3 Rc7 16. Qb2 Rfc8 17. Rc2 Bxf3 18. Nxf3 b5 19. Rac1 bxc4 20. Nd2 Qb7 21. Bd4
e5 22. Bc3 Nb6 23. Bf3 Qa6 24. b5 Qa4 25. Qb4 Bf8 26. Qxa4 Nxa4 27. Ba5 Nb6 28.
Bc6 d5 29. a4 e4 30. Bc3 Nfd7 31. a5 Na4 32. Bd4 Nac5 33. f3 Ne6 34. Bxd5 Nxd4
35. exd4 exf3 36. gxf3 Bb4 37. b6 axb6 38. a6 c3 39. Ne4 b5 40. Bb7 Rb8 41.
Nxc3 Rbxb7 42. axb7 Rxb7 43. Nd5 Ba5 44. Ra1 Bb6 45. Nxb6 Rxb6 46. Ra7 Nf8 47.
Kf2 b4 48. Ke3 Re6+ 49. Kd3 Rf6 50. Rc8 Kg7 51. d5 b3 52. Ke3 Rd6 53. Kd4 Ne6+
54. Ke5 Rb6 55. dxe6 1-0

[Event "Mitropa Cup 12th"]
[Site "Aosta"]
[Date "1988.??.??"]
[Round "?"]
[White "Miralles, Gilles"]
[Black "Mohr, Stefan"]
[Result "1-0"]
[WhiteElo "2430"]
[BlackElo "2400"]
[PlyCount "61"]
[EventDate "1988.06.??"]
[EventType "team-tourn"]
[EventRounds "11"]
[EventCountry "ITA"]
[Source "ChessBase"]
[SourceDate "1994.03.01"]

1. d4 g6 2. c4 Bg7 3. Nf3 d6 4. Nc3 Nd7 5. e4 e5 6. Bg5 f6 7. Bh4 Nh6 8. dxe5
dxe5 9. Qc2 c6 10. Rd1 Qc7 11. Be2 O-O 12. O-O Nc5 13. b4 Ne6 14. c5 f5 15. Bc4
Kh8 16. Rd6 Nd4 17. Nxd4 exd4 18. Ne2 Be5 19. Nxd4 Qg7 20. Ne6 Bxe6 21. Rxe6 g5
22. Bxg5 Ng4 23. h4 h6 24. Re7 Qg6 25. exf5 Rxf5 26. Bf7 Qxf7 27. Rxf7 Rxf7 28.
Qc4 Bh2+ 29. Kh1 Ne5 30. Qe6 hxg5 31. Kxh2 1-0

[Event "Mitropa Cup 12th"]
[Site "Aosta"]
[Date "1988.??.??"]
[Round "?"]
[White "Mohr, Georg"]
[Black "Fauland, Alexander"]
[Result "1/2-1/2"]
[WhiteElo "2460"]
[BlackElo "2390"]
[PlyCount "82"]
[EventDate "1988.06.??"]
[EventType "team-tourn"]
[EventRounds "11"]
[EventCountry "ITA"]
[Source "ChessBase"]
[SourceDate "1994.03.01"]

1. d4 d5 2. Nf3 c5 3. c3 cxd4 4. cxd4 Nf6 5. Nc3 Nc6 6. Bf4 Bf5 7. e3 e6 8. Bb5
Nd7 9. Qa4 Rc8 10. Bxc6 Rxc6 11. Qxa7 Qc8 12. Qa5 Bd3 13. Kd2 Ba6 14. Rhc1 b6
15. Qa4 Rc4 16. Qb3 Bb4 17. a3 Ba5 18. Bd6 f6 19. Kd1 Kf7 20. Nd2 Rd8 21. Nxc4
dxc4 22. Qc2 Bxc3 23. bxc3 Qc6 24. Bg3 Qxg2 25. Ke1 Bb7 26. Qe2 Be4 27. f4 Qf3
28. Qxf3 Bxf3 29. Rcb1 Rc8 30. a4 Ra8 31. Rb4 Bd5 32. e4 Bxe4 33. Rxc4 Ke7 34.
Rb4 Ra7 35. Kd2 g5 36. h4 h6 37. c4 f5 38. hxg5 hxg5 39. Re1 Kf7 40. Rxe4 fxe4
41. Ke3 e5 1/2-1/2

[Event "Mitropa Cup 12th"]
[Site "Aosta"]
[Date "1988.??.??"]
[Round "?"]
[White "Mohr, Georg"]
[Black "Gerber, Richard"]
[Result "1-0"]
[WhiteElo "2460"]
[BlackElo "2355"]
[PlyCount "81"]
[EventDate "1988.06.??"]
[EventType "team-tourn"]
[EventRounds "11"]
[EventCountry "ITA"]
[Source "ChessBase"]
[SourceDate "1994.03.01"]

1. d4 Nf6 2. Nc3 d5 3. Bg5 Nbd7 4. e4 dxe4 5. Bc4 g6 6. f3 e3 7. Bxe3 c6 8. Bb3
Nb6 9. Ne4 Nbd5 10. Bg5 Bg7 11. Qd2 h6 12. Nxf6+ exf6 13. Bh4 O-O 14. Ne2 a5
15. a4 Be6 16. O-O Qb6 17. Bf2 Rfd8 18. Rab1 f5 19. Rfd1 Rd7 20. Bxd5 Bxd5 21.
b3 Qa6 22. c4 Be6 23. Nf4 Rad8 24. Qe2 Rd6 25. Rd2 g5 26. Nh5 Bh8 27. f4 Qa8
28. d5 cxd5 29. c5 Rc6 30. Bd4 Bxd4+ 31. Rxd4 Rxc5 32. Qe5 Kf8 33. Qf6 g4 34.
Re1 Rc6 35. Kh1 Qc8 36. Ng3 Rc1 37. Qxh6+ Ke7 38. Qg5+ Kd7 39. Rxd5+ Bxd5 40.
Qe7+ Kc6 41. Rxc1+ 1-0

[Event "Mitropa Cup 12th"]
[Site "Aosta"]
[Date "1988.??.??"]
[Round "?"]
[White "Mohr, Georg"]
[Black "Stull, Norbert"]
[Result "1-0"]
[WhiteElo "2460"]
[BlackElo "2270"]
[PlyCount "57"]
[EventDate "1988.06.??"]
[EventType "team-tourn"]
[EventRounds "11"]
[EventCountry "ITA"]
[Source "ChessBase"]
[SourceDate "1994.03.01"]

1. d4 Nf6 2. Nf3 g6 3. Bg5 Bg7 4. Nbd2 h6 5. Bh4 c5 6. Bxf6 Bxf6 7. Ne4 Bxd4 8.
Nxd4 cxd4 9. Qxd4 O-O 10. Nc3 Nc6 11. Qd2 Kg7 12. e4 d6 13. h4 Be6 14. f4 Rc8
15. h5 Rh8 16. g4 Bxg4 17. Bh3 Bxh3 18. Rxh3 Qa5 19. hxg6 fxg6 20. O-O-O h5 21.
Rg1 Rh6 22. Rg5 Qd8 23. Qe2 Qf8 24. f5 Ne5 25. Nd5 Kh7 26. fxg6+ Nxg6 27. Rgxh5
Rxh5 28. Rxh5+ Kg7 29. Rg5 1-0

[Event "Mitropa Cup 12th"]
[Site "Aosta"]
[Date "1988.??.??"]
[Round "?"]
[White "Mohr, Stefan"]
[Black "Landenbergue, Claude"]
[Result "1-0"]
[WhiteElo "2400"]
[BlackElo "2375"]
[PlyCount "99"]
[EventDate "1988.06.??"]
[EventType "team-tourn"]
[EventRounds "11"]
[EventCountry "ITA"]
[Source "ChessBase"]
[SourceDate "1994.03.01"]

1. d4 Nf6 2. c4 e6 3. Nf3 Bb4+ 4. Nbd2 c5 5. a3 Bxd2+ 6. Bxd2 b6 7. Bg5 Bb7 8.
e3 O-O 9. Bd3 d6 10. O-O Qe7 11. b4 Nbd7 12. Nd2 h6 13. Bh4 Rfc8 14. Qe2 Qf8
15. Rab1 Bc6 16. Rfd1 a6 17. Bg3 b5 18. Nb3 bxc4 19. Bxc4 cxb4 20. axb4 Rcb8
21. Na5 Be4 22. Rb2 Rb6 23. f3 Bg6 24. Qd2 Rc8 25. Bf1 d5 26. Be1 Ne8 27. Nb3
Nd6 28. Nc5 Nb8 29. Rc1 Qe7 30. Ra2 Rcc6 31. Bg3 Qd8 32. Rca1 Qc8 33. Ra4 Kh7
34. Qa2 f6 35. Bxd6 Rxd6 36. Bxa6 Qe8 37. Bf1 e5 38. Qd2 Nc6 39. b5 Ne7 40. Ra8
Rb8 41. Rxb8 Qxb8 42. Ra6 Be8 43. Qa2 Rd8 44. Ra7 Nf5 45. Bd3 e4 46. fxe4 Nxe3
47. e5+ Kh8 48. exf6 gxf6 49. Rb7 Qc8 50. Qa7 1-0

[Event "Mitropa Cup 12th"]
[Site "Aosta"]
[Date "1988.??.??"]
[Round "?"]
[White "Mohr, Stefan"]
[Black "Roth, Peter"]
[Result "1-0"]
[WhiteElo "2400"]
[BlackElo "2360"]
[PlyCount "59"]
[EventDate "1988.06.??"]
[EventType "team-tourn"]
[EventRounds "11"]
[EventCountry "ITA"]
[Source "ChessBase"]
[SourceDate "1994.03.01"]

1. d4 Nf6 2. c4 c5 3. d5 e5 4. Nc3 d6 5. e4 Be7 6. Bd3 O-O 7. Nge2 Nh5 8. Be3
Bg5 9. Qd2 Bxe3 10. Qxe3 g6 11. O-O-O Nd7 12. g4 Ng7 13. h4 Nf6 14. g5 Nfh5 15.
f4 exf4 16. Nxf4 Qe7 17. Nxh5 Nxh5 18. Be2 a6 19. Bxh5 gxh5 20. Rhf1 b5 21. Rf6
Bg4 22. Rdf1 Rab8 23. Qf4 Rb6 24. e5 dxe5 25. Qe4 Qb7 26. Rxb6 Qxb6 27. Rf6 Qd8
28. d6 Be6 29. Rh6 f5 30. Qxe5 1-0

[Event "Mitropa Cup 12th"]
[Site "Aosta"]
[Date "1988.??.??"]
[Round "?"]
[White "Mossong, Hubert"]
[Black "Lau, Ralf"]
[Result "1/2-1/2"]
[WhiteElo "2205"]
[BlackElo "2540"]
[PlyCount "88"]
[EventDate "1988.06.??"]
[EventType "team-tourn"]
[EventRounds "11"]
[EventCountry "ITA"]
[Source "ChessBase"]
[SourceDate "1994.03.01"]

1. e4 e6 2. d4 d5 3. Nc3 Nc6 4. Nf3 Nf6 5. Bg5 Bb4 6. e5 h6 7. exf6 hxg5 8.
fxg7 Rg8 9. h4 gxh4 10. Rxh4 Qf6 11. Qd2 Bd7 12. O-O-O O-O-O 13. Be2 Qxg7 14.
g3 Be7 15. Rh5 Rh8 16. Rxh8 Rxh8 17. a3 Bf6 18. Kb1 Ne7 19. Na2 Kb8 20. Nc1 Nf5
21. Nb3 b6 22. Qb4 Ka8 23. Qc3 c5 24. Qd2 c4 25. Nc1 Nd6 26. Na2 Qh6 27. Qe1
Bg7 28. Nc3 f6 29. Nh4 Kb8 30. Bf3 f5 31. Ng2 Ne4 32. Bxe4 fxe4 33. b3 cxb3 34.
cxb3 Qh5 35. Nf4 Qf3 36. Qe3 Rh2 37. Qxf3 exf3 38. Rd2 Bh6 39. Kc2 Be8 40. Kd3
Bh5 41. Ke3 Bg4 42. Rd1 Bf8 43. b4 Rh7 44. Rc1 Kb7 1/2-1/2

[Event "Mitropa Cup 12th"]
[Site "Aosta"]
[Date "1988.??.??"]
[Round "?"]
[White "Mossong, Hubert"]
[Black "Robatsch, Karl"]
[Result "0-1"]
[WhiteElo "2205"]
[BlackElo "2415"]
[PlyCount "80"]
[EventDate "1988.06.??"]
[EventType "team-tourn"]
[EventRounds "11"]
[EventCountry "ITA"]
[Source "ChessBase"]
[SourceDate "1994.03.01"]

1. e4 c5 2. Nc3 Nc6 3. f4 e6 4. Nf3 Nge7 5. Bb5 a6 6. Bxc6 Nxc6 7. d3 d5 8. e5
Be7 9. O-O O-O 10. Qe1 f5 11. Bd2 Nb4 12. Rc1 d4 13. Ne2 Nd5 14. c4 dxc3 15.
bxc3 Nb6 16. Rb1 Na4 17. d4 Qd5 18. Qd1 b5 19. Qb3 c4 20. Qd1 Bb7 21. Rf2 Qd7
22. Ng3 Be4 23. Rc1 Nb2 24. Qe2 Bd5 25. Ne1 a5 26. Rb1 Na4 27. Nc2 b4 28. cxb4
c3 29. Be3 Bxa2 30. Ra1 Bb3 31. bxa5 Rxa5 32. Qe1 Rfa8 33. Rxa4 Qxa4 34. Qxc3
Qc4 35. Qxc4 Bxc4 36. h3 Bh4 37. Kh2 Ra2 38. Ne1 R2a3 39. Nc2 Rc3 40. Rd2 Ra2
0-1

[Event "Mitropa Cup 12th"]
[Site "Aosta"]
[Date "1988.??.??"]
[Round "?"]
[White "Mossong, Hubert"]
[Black "Zueger, Beat"]
[Result "0-1"]
[WhiteElo "2205"]
[BlackElo "2470"]
[PlyCount "59"]
[EventDate "1988.06.??"]
[EventType "team-tourn"]
[EventRounds "11"]
[EventCountry "ITA"]
[Source "ChessBase"]
[SourceDate "1994.03.01"]

1. e4 e6 2. Nc3 d5 3. d4 Nf6 4. Bg5 Be7 5. e5 Nfd7 6. h4 a6 7. Qg4 Bxg5 8. hxg5
c5 9. Nf3 cxd4 10. g6 dxc3 11. Rxh7 Rf8 12. Rxg7 cxb2 13. Rb1 Qa5+ 14. Kd1 Nc5
15. gxf7+ Kd7 16. Rxb2 Nc6 17. Bd3 Qc3 18. Rg8 Rxf7 19. Rg7 Re7 20. Rxe7+ Nxe7
21. Rb3 Nxb3 22. axb3 Kc7 23. Qg7 Qc5 24. Nh4 Bd7 25. g3 a5 26. f4 Rg8 27. Qf6
Rxg3 28. f5 Qf2 29. Kc1 Rg1+ 30. Kb2 0-1

[Event "Mitropa Cup 12th"]
[Site "Aosta"]
[Date "1988.??.??"]
[Round "?"]
[White "Podlesnik, Bogdan"]
[Black "Belotti, Bruno"]
[Result "1-0"]
[WhiteElo "2345"]
[BlackElo "2340"]
[PlyCount "73"]
[EventDate "1988.06.??"]
[EventType "team-tourn"]
[EventRounds "11"]
[EventCountry "ITA"]
[Source "ChessBase"]
[SourceDate "1994.03.01"]

1. e4 d6 2. d4 Nf6 3. Nc3 g6 4. f4 Bg7 5. Nf3 O-O 6. Be2 c5 7. O-O cxd4 8. Nxd4
Nbd7 9. Be3 a6 10. a4 Qc7 11. Kh1 b6 12. Nd5 Nxd5 13. exd5 Bb7 14. c4 Rae8 15.
Rc1 e5 16. dxe6 fxe6 17. Bg4 Nc5 18. b4 e5 19. bxc5 exd4 20. cxb6 Qxb6 21. Bd2
Be4 22. Bf3 Qc6 23. a5 Re7 24. Qb3 Rb7 25. Qa3 Bxf3 26. Rxf3 Rfb8 27. Qd3 Rb2
28. f5 gxf5 29. Rxf5 Re8 30. Rd5 Qb7 31. Rxd4 Bxd4 32. Qxd4 Re4 33. Qxd6 Re7
34. Qd8+ Kf7 35. Rf1+ Ke6 36. c5 Rb1 37. Qd6# 1-0

[Event "Mitropa Cup 12th"]
[Site "Aosta"]
[Date "1988.??.??"]
[Round "?"]
[White "Podlesnik, Bogdan"]
[Black "Miralles, Gilles"]
[Result "1/2-1/2"]
[WhiteElo "2345"]
[BlackElo "2430"]
[PlyCount "20"]
[EventDate "1988.06.??"]
[EventType "team-tourn"]
[EventRounds "11"]
[EventCountry "ITA"]
[Source "ChessBase"]
[SourceDate "1994.03.01"]

1. e4 e6 2. d4 d5 3. Nd2 c5 4. exd5 exd5 5. Ngf3 Nc6 6. Bb5 Bd6 7. dxc5 Bxc5 8.
O-O Nge7 9. Nb3 Bd6 10. Bg5 O-O 1/2-1/2

[Event "Mitropa Cup 12th"]
[Site "Aosta"]
[Date "1988.??.??"]
[Round "?"]
[White "Podlesnik, Bogdan"]
[Black "Mohr, Stefan"]
[Result "1-0"]
[WhiteElo "2345"]
[BlackElo "2400"]
[PlyCount "101"]
[EventDate "1988.06.??"]
[EventType "team-tourn"]
[EventRounds "11"]
[EventCountry "ITA"]
[Source "ChessBase"]
[SourceDate "1994.03.01"]

1. e4 e6 2. d4 d5 3. Nd2 Nf6 4. e5 Nfd7 5. Bd3 c5 6. c3 Nc6 7. Ne2 cxd4 8. cxd4
f6 9. exf6 Nxf6 10. O-O Bd6 11. Nf3 O-O 12. Bf4 Bxf4 13. Nxf4 Ne4 14. Nh5 g6
15. Ng3 Nxg3 16. hxg3 Qb6 17. Bc2 Qxb2 18. Ba4 Na5 19. Qd3 Qb4 20. Bc2 Bd7 21.
Rab1 Qe7 22. Ne5 Rac8 23. Rfe1 Rc7 24. Bd1 Bc8 25. Bb3 Qf6 26. Qd2 b6 27. Rbc1
Re7 28. Rc3 Qg7 29. Rec1 Ba6 30. Qe3 Bb5 31. g4 g5 32. Rc8 Be8 33. g3 b5 34.
Ra8 Nc4 35. Bxc4 dxc4 36. a4 Rc7 37. axb5 Bxb5 38. Rxf8+ Kxf8 39. Nf3 h6 40.
Qxe6 Rc6 41. Qd5 Qf6 42. Ne5 Rb6 43. Rc3 Qe6 44. Rf3+ Kg8 45. Qc5 Qe8 46. Nxc4
Ra6 47. Qd5+ Kh8 48. Ne5 Ra1+ 49. Kh2 Ba6 50. Qd6 Bb7 51. Qf8+ 1-0

[Event "Mitropa Cup 12th"]
[Site "Aosta"]
[Date "1988.??.??"]
[Round "?"]
[White "Robatsch, Karl"]
[Black "Sharif, Mershad"]
[Result "1/2-1/2"]
[WhiteElo "2415"]
[BlackElo "2450"]
[PlyCount "54"]
[EventDate "1988.06.??"]
[EventType "team-tourn"]
[EventRounds "11"]
[EventCountry "ITA"]
[Source "ChessBase"]
[SourceDate "1994.03.01"]

1. Nf3 Nf6 2. c4 b6 3. g3 Bb7 4. Bg2 e6 5. O-O Be7 6. Nc3 O-O 7. d4 Ne4 8. Bd2
f5 9. Ne5 Nxc3 10. Bxc3 Bxg2 11. Kxg2 Bf6 12. Qa4 d6 13. Nd3 Qd7 14. Qxd7 Nxd7
15. Rac1 c5 16. dxc5 dxc5 17. Bxf6 gxf6 18. Nf4 Kf7 19. Rfd1 Rfd8 20. Rd6 Nf8
21. Rcd1 Ke7 22. Rxd8 Rxd8 23. Rxd8 Kxd8 24. h3 Ke7 25. g4 fxg4 26. hxg4 Ng6
27. Nxg6+ hxg6 1/2-1/2

[Event "Mitropa Cup 12th"]
[Site "Aosta"]
[Date "1988.??.??"]
[Round "?"]
[White "Robatsch, Karl"]
[Black "Zueger, Beat"]
[Result "1/2-1/2"]
[WhiteElo "2415"]
[BlackElo "2470"]
[PlyCount "59"]
[EventDate "1988.06.??"]
[EventType "team-tourn"]
[EventRounds "11"]
[EventCountry "ITA"]
[Source "ChessBase"]
[SourceDate "1994.03.01"]

1. Nf3 Nf6 2. c4 g6 3. Nc3 Bg7 4. e4 d6 5. d4 O-O 6. Be2 Bg4 7. Bg5 a6 8. O-O
Nfd7 9. Qd2 Nc6 10. d5 Bxf3 11. Bxf3 Nd4 12. Bd1 c5 13. a4 Re8 14. a5 b5 15.
axb6 Qxb6 16. Na4 Qb4 17. Qxb4 cxb4 18. b3 e6 19. Ra2 exd5 20. exd5 h5 21. Bf4
Be5 22. Bxe5 Rxe5 23. Rd2 Nf5 24. Bc2 Rae8 25. Bxf5 gxf5 26. g3 Re2 27. Rxe2
Rxe2 28. Rc1 Rd2 29. c5 dxc5 30. Nxc5 1/2-1/2

[Event "Mitropa Cup 12th"]
[Site "Aosta"]
[Date "1988.??.??"]
[Round "?"]
[White "Roos, Daniel"]
[Black "Wirthensohn, Heinz"]
[Result "1/2-1/2"]
[WhiteElo "2370"]
[BlackElo "2425"]
[PlyCount "57"]
[EventDate "1988.06.??"]
[EventType "team-tourn"]
[EventRounds "11"]
[EventCountry "ITA"]
[Source "ChessBase"]
[SourceDate "1994.03.01"]

1. e4 c5 2. Nc3 Nc6 3. g3 g6 4. Bg2 Bg7 5. d3 d6 6. Be3 e5 7. Qd2 Be6 8. Nh3
Nd4 9. Ng5 Bd7 10. f4 f6 11. Nf3 Ne7 12. O-O O-O 13. Ne2 Rc8 14. c3 Nxe2+ 15.
Qxe2 exf4 16. Bxf4 Bg4 17. Qc2 Kh8 18. Rad1 d5 19. Qa4 Qb6 20. Rf2 Rfd8 21. Re1
dxe4 22. Qxe4 Nd5 23. Bc1 Bf5 24. Qe2 Qa6 25. d4 Qxe2 26. Rexe2 Bd3 27. Re6 Bf5
28. Ree2 Bd3 29. Re6 1/2-1/2

[Event "Mitropa Cup 12th"]
[Site "Aosta"]
[Date "1988.??.??"]
[Round "?"]
[White "Roos, Daniel"]
[Black "Wittmann, Walter"]
[Result "1/2-1/2"]
[WhiteElo "2370"]
[BlackElo "2400"]
[PlyCount "34"]
[EventDate "1988.06.??"]
[EventType "team-tourn"]
[EventRounds "11"]
[EventCountry "ITA"]
[Source "ChessBase"]
[SourceDate "1994.03.01"]

1. e4 c5 2. Nc3 Nc6 3. g3 g6 4. Bg2 Bg7 5. d3 d6 6. Be3 e5 7. Qd2 Be6 8. Nh3 f6
9. f4 Nd4 10. O-O Qd7 11. Nf2 Ne7 12. Ne2 b6 13. c3 Nxe2+ 14. Qxe2 Rd8 15. d4
cxd4 16. cxd4 exd4 17. Bxd4 O-O 1/2-1/2

[Event "Mitropa Cup 12th"]
[Site "Aosta"]
[Date "1988.??.??"]
[Round "?"]
[White "Roth, Peter"]
[Black "Belotti, Bruno"]
[Result "1-0"]
[WhiteElo "2360"]
[BlackElo "2340"]
[PlyCount "147"]
[EventDate "1988.06.??"]
[EventType "team-tourn"]
[EventRounds "11"]
[EventCountry "ITA"]
[Source "ChessBase"]
[SourceDate "1994.03.01"]

1. e4 c6 2. d4 d5 3. exd5 cxd5 4. Bd3 Nc6 5. c3 Nf6 6. Bf4 Bg4 7. Qb3 Qc8 8.
Nd2 e6 9. Ngf3 Be7 10. O-O O-O 11. h3 Bh5 12. Rfe1 Bg6 13. Bxg6 hxg6 14. Re3
Na5 15. Qc2 b5 16. Rae1 Nc4 17. Nxc4 dxc4 18. Bg5 Qb7 19. Re5 Bd6 20. R5e2 Rab8
21. Qd2 Nd5 22. a3 a5 23. Qc2 Rfc8 24. Qe4 b4 25. axb4 axb4 26. Bd2 bxc3 27.
bxc3 Qc7 28. g3 Rb3 29. Ng5 Nf6 30. Qh4 Rcb8 31. Re3 Rb1 32. Kh2 Rxe1 33. Bxe1
Rb1 34. Ne4 Nd5 35. Re2 Be7 36. Qg4 Qb7 37. Qf3 Rb3 38. Rc2 Rb2 39. Qe2 Ba3 40.
Rxb2 Qxb2 41. Qxc4 Qc2 42. Ng5 Bf8 43. Qc8 Qf5 44. h4 Nf6 45. Qb7 Ng4+ 46. Kg1
e5 47. Qd5 exd4 48. Qxf5 gxf5 49. cxd4 g6 50. Kf1 Bh6 51. Ke2 Nf6 52. Nh3 Kf8
53. Bd2 Bxd2 54. Kxd2 Ke7 55. Ng5 Nd5 56. Kd3 Nb6 57. Kc3 Nc8 58. Kc4 Nd6+ 59.
Kd3 Nb5 60. Ke3 Nc3 61. Kd3 Nb5 62. Kc4 Nd6+ 63. Kd5 Kd7 64. f3 Ke7 65. Kc6 Nc8
66. Nh3 Na7+ 67. Kc5 Kd7 68. Nf4 Nc8 69. Nd3 Nd6 70. Ne5+ Ke7 71. d5 Nb7+ 72.
Kb6 Nd6 73. Kc6 Ne8 74. Nc4 1-0

[Event "Mitropa Cup 12th"]
[Site "Aosta"]
[Date "1988.??.??"]
[Round "?"]
[White "Roth, Peter"]
[Black "Podlesnik, Bogdan"]
[Result "1/2-1/2"]
[WhiteElo "2360"]
[BlackElo "2345"]
[PlyCount "28"]
[EventDate "1988.06.??"]
[EventType "team-tourn"]
[EventRounds "11"]
[EventCountry "ITA"]
[Source "ChessBase"]
[SourceDate "1994.03.01"]

1. e4 c5 2. Nf3 Nc6 3. d4 cxd4 4. Nxd4 Nf6 5. Nc3 e5 6. Nf5 d5 7. exd5 Bxf5 8.
dxc6 bxc6 9. Qf3 Qd7 10. Bg5 e4 11. Qe2 Qe6 12. Qa6 Be7 13. Bc4 Qc8 14. O-O-O
O-O 1/2-1/2

[Event "Mitropa Cup 12th"]
[Site "Aosta"]
[Date "1988.??.??"]
[Round "?"]
[White "Ruefenacht, Matthias"]
[Black "Roth, Peter"]
[Result "1/2-1/2"]
[WhiteElo "2315"]
[BlackElo "2360"]
[PlyCount "134"]
[EventDate "1988.06.??"]
[EventType "team-tourn"]
[EventRounds "11"]
[EventCountry "ITA"]
[Source "ChessBase"]
[SourceDate "1994.03.01"]

1. e4 d6 2. d4 Nf6 3. Nd2 a6 4. Ngf3 e6 5. Bd3 c5 6. dxc5 dxc5 7. e5 Nd5 8. O-O
Nc6 9. Re1 Qc7 10. Be4 Nb6 11. a4 a5 12. Nb1 Bd7 13. Nc3 Nb4 14. Qe2 N4d5 15.
Nb5 Bxb5 16. Qxb5+ Qc6 17. Qxc6+ bxc6 18. b3 c4 19. Be3 Rb8 20. Bxb6 Rxb6 21.
bxc4 Nc3 22. Nd4 Kd7 23. Nb3 Bb4 24. Re3 Ke7 25. Bf3 Rc8 26. Rd3 Ra6 27. Kf1 g6
28. Rd4 h5 29. g3 Ra7 30. c5 Kf8 31. Rc4 Nd5 32. Rd1 Rb7 33. Rd3 Ra7 34. Nc1
Nc7 35. Nb3 Nd5 36. Ke2 Ba3 37. Kd2 Rb7 38. Re4 Kg7 39. Re1 Bb4+ 40. c3 Nxc3
41. Rxc3 Rd8+ 42. Kc2 Bxc3 43. Kxc3 Rxb3+ 44. Kxb3 Rd3+ 45. Kc4 Rxf3 46. Rb1
Rxf2 47. Rb6 Rc2+ 48. Kd4 Rxh2 49. Rxc6 h4 50. gxh4 Rxh4+ 51. Kd3 Rxa4 52. Ra6
Ra1 53. Kc4 g5 54. Kb5 Kg6 55. c6 Rc1 56. Rxa5 Kf5 57. Kb6 g4 58. c7 g3 59. Ra1
Rc2 60. Rf1+ Kxe5 61. Rxf7 Kd6 62. Rg7 g2 63. Rxg2 Rc6+ 64. Kb5 Rxc7 65. Rd2+
Ke7 66. Re2 Rc3 67. Kb4 Rc6 1/2-1/2